000 00471nam a2200193Ia 4500
008 101110s9999 xx 000 0 und d
041 _aENGLISH
082 _bJR2239
100 _aJog, Bhatia
245 _aConcepts of Chemistry Std. XII
365 _b33.25
520 _aChemistry
546 _aENGLISH
630 _aConcepts of Chemistry Std. XII
650 _aChemistry
655 _aChemistry
730 _aConcepts of Chemistry Std. XII
942 _cBOOK
999 _c794088
_d794085